[Event "18. Open de Sants Hostafrancs 2016"]
[Site "Barcelona ESP"]
[Date "2016.08.21"]
[Round "3.64"]
[White "Hess, Max"]
[Black "Gurrutxaga Telleria, Jose Luis"]
[Result "1-0"]
[WhiteElo "2252"]
[BlackElo "2095"]
[PlyCount "65"]
[EventDate "2016.08.19"]
[EventType "swiss"]
[EventRounds "10"]
[EventCountry "ESP"]
[SourceTitle "Ajedrez en Madrid"]
[Source "lmi"]
[SourceDate "2016.08.19"]

1. e4 c5 2. Nf3 Nc6 3. Bb5 g6 4. Bxc6 dxc6 5. d3 Bg7 6. h3 Nf6 7. Nc3 Nd7 8.
Be3 e5 9. Qd2 h6 10. O-O Qe7 11. Nh2 Nf8 12. f4 exf4 13. Bxf4 Ne6 14. Bg3 Nd4
15. Rae1 Be6 16. Nf3 Rd8 17. e5 Nf5 18. Bf2 Nd4 19. Qd1 Bf5 20. Ne4 Bxe4 21.
Rxe4 O-O 22. Rfe1 Ne6 23. Bh4 g5 24. Bg3 Qc7 25. b3 Qa5 26. Ra4 Qb6 27. Nd2 Qc7
28. Rxa7 Ra8 29. Rxa8 Rxa8 30. a4 b5 31. axb5 cxb5 32. Ne4 f5 33. exf6 1-0

[Event "18. Open de Sants Hostafrancs 2016"]
[Site "Barcelona ESP"]
[Date "2016.08.21"]
[Round "3.65"]
[White "Fernandez Montero, Francisco M"]
[Black "Ventura Bolet, Maxim"]
[Result "0-1"]
[WhiteElo "2083"]
[BlackElo "2250"]
[PlyCount "58"]
[EventDate "2016.08.19"]
[EventType "swiss"]
[EventRounds "10"]
[EventCountry "ESP"]
[SourceTitle "Ajedrez en Madrid"]
[Source "lmi"]
[SourceDate "2016.08.19"]

1. e4 c5 2. Nc3 e6 3. f4 a6 4. a4 Nc6 5. Be2 g6 6. Nf3 Bg7 7. O-O Nge7 8. d3
O-O 9. Qe1 Nd4 10. Bd1 Rb8 11. f5 exf5 12. Qg3 d6 13. Bf4 fxe4 14. dxe4 Qb6 15.
Bxd6 Nef5 16. exf5 Nxf5 17. Nd5 Qxd6 18. Ne7+ Qxe7 19. Qxb8 Be6 20. Qa7 Qc7 21.
c3 Nd6 22. a5 Nc8 23. Qa8 Bd5 24. Nd2 Nd6 25. Qa7 Nc8 26. Qa8 c4 27. b4 Bxc3
28. Bf3 Bd4+ 29. Kh1 Nd6 0-1

[Event "18. Open de Sants Hostafrancs 2016"]
[Site "Barcelona ESP"]
[Date "2016.08.21"]
[Round "3.67"]
[White "Galby, Vassili"]
[Black "Porta Tovar, Guillem"]
[Result "0-1"]
[WhiteElo "2076"]
[BlackElo "2249"]
[PlyCount "80"]
[EventDate "2016.08.19"]
[EventType "swiss"]
[EventRounds "10"]
[EventCountry "ESP"]
[SourceTitle "Ajedrez en Madrid"]
[Source "lmi"]
[SourceDate "2016.08.19"]

1. Nf3 Nf6 2. c4 d6 3. d4 g6 4. Nc3 Bg7 5. e4 O-O 6. Be2 Bg4 7. Be3 Nbd7 8. O-O
e5 9. d5 Ne8 10. Nd2 Bxe2 11. Qxe2 f5 12. f3 f4 13. Bf2 g5 14. Rfc1 h5 15. Kh1
Rf7 16. b4 Bf8 17. a4 Rg7 18. a5 g4 19. Bg1 g3 20. h3 Ndf6 21. a6 b6 22. c5 Nh7
23. Nc4 Qh4 24. cxb6 axb6 25. Bxb6 Ng5 26. Kg1 Nxh3+ 27. Kf1 cxb6 28. Nxb6 Ng1
29. Qd1 Qh1 30. Nxa8 Nh3+ 31. Ke2 Qxg2+ 32. Kd3 Nf2+ 33. Kc4 Nxd1 34. Rxd1 Qf2
35. b5 Qa7 36. b6 Qxa8 37. Kb4 h4 38. Nb5 h3 39. Rdc1 g2 40. Rc6 h2 0-1

[Event "18. Open de Sants Hostafrancs 2016"]
[Site "Barcelona ESP"]
[Date "2016.08.21"]
[Round "3.68"]
[White "Shatko, Danil"]
[Black "Garofalo, Pietro"]
[Result "1/2-1/2"]
[WhiteElo "2248"]
[BlackElo "2066"]
[PlyCount "70"]
[EventDate "2016.08.19"]
[EventType "swiss"]
[EventRounds "10"]
[EventCountry "ESP"]
[SourceTitle "Ajedrez en Madrid"]
[Source "lmi"]
[SourceDate "2016.08.19"]

1. d4 e6 2. c4 f5 3. g3 Nf6 4. Bg2 c6 5. Nd2 d5 6. Nh3 Bd6 7. O-O O-O 8. Nf3
Nbd7 9. Nf4 Qe7 10. Ng5 Nb8 11. c5 Bc7 12. Qb3 b6 13. cxb6 Bxb6 14. Nf3 c5 15.
dxc5 Bxc5 16. Nd3 Bb6 17. Bd2 Nc6 18. Rac1 Bb7 19. Nde5 Rfc8 20. Nxc6 Bxc6 21.
Ne5 Be8 22. Bb4 Qb7 23. Nd3 Rxc1 24. Rxc1 Rc8 25. Rxc8 Qxc8 26. Be1 Ne4 27. Kf1
Qc7 28. Bxe4 fxe4 29. Nf4 Bf7 30. Qb5 Qc5 31. Qd7 Qc7 32. Qa4 Qe7 33. Bb4 Qf6
34. Qd7 h6 35. Qd6 e5 1/2-1/2

[Event "18. Open de Sants Hostafrancs 2016"]
[Site "Barcelona ESP"]
[Date "2016.08.21"]
[Round "3.70"]
[White "Roubert, Emile"]
[Black "Wild, Achim"]
[Result "1-0"]
[WhiteElo "2038"]
[BlackElo "2242"]
[PlyCount "109"]
[EventDate "2016.08.19"]
[EventType "swiss"]
[EventRounds "10"]
[EventCountry "ESP"]
[SourceTitle "Ajedrez en Madrid"]
[Source "lmi"]
[SourceDate "2016.08.19"]

1. e4 d6 2. d4 Nf6 3. Nc3 e5 4. Nge2 Be7 5. g3 O-O 6. Bg2 c6 7. a4 a5 8. h3 Na6
9. O-O Nb4 10. Be3 b6 11. f4 Nd7 12. Qd2 Ba6 13. Nd1 exd4 14. Bxd4 Nc5 15. Nf2
d5 16. Rfd1 dxe4 17. Nxe4 Nxe4 18. Bxe4 Qd7 19. c3 Nd5 20. Kh2 Rad8 21. Qc2 f5
22. Bxd5+ Qxd5 23. Bxb6 Qc4 24. Bxd8 Bxd8 25. Nd4 Bb6 26. b3 Qf7 27. Nxc6 Bb7
28. Ne5 Qh5 29. Re1 Rf6 30. h4 Bc7 31. Qe2 Qxe2+ 32. Rxe2 Rb6 33. Rb1 Rd6 34.
b4 Be4 35. Rc1 Rd8 36. b5 Bb6 37. c4 Bc5 38. g4 Rd4 39. Nc6 Rd3 40. Ne5 Ra3 41.
Rd2 g6 42. Rcd1 fxg4 43. Nxg4 Kf7 44. Ne5+ Ke6 45. Nd3 Bb4 46. Nxb4 axb4 47.
Rb2 Kf5 48. Re1 Rxa4 49. c5 b3 50. Rxb3 Ra2+ 51. Kh3 Bc2 52. Rc3 Kxf4 53. Rf1+
Ke5 54. c6 Kd4 55. c7 1-0

[Event "18. Open de Sants Hostafrancs 2016"]
[Site "Barcelona ESP"]
[Date "2016.08.21"]
[Round "3.71"]
[White "Ni, Viktorija"]
[Black "Liu, Manli"]
[Result "1/2-1/2"]
[WhiteElo "2241"]
[BlackElo "2062"]
[PlyCount "68"]
[EventDate "2016.08.19"]
[EventType "swiss"]
[EventRounds "10"]
[EventCountry "ESP"]
[SourceTitle "Ajedrez en Madrid"]
[Source "lmi"]
[SourceDate "2016.08.19"]

1. d4 Nf6 2. c4 e6 3. Nf3 d5 4. g3 Be7 5. Bg2 O-O 6. O-O dxc4 7. Qc2 a6 8. a4
Bd7 9. Bf4 Bc6 10. Qxc4 a5 11. Nc3 Na6 12. Rfd1 Bd6 13. Bg5 h6 14. Bxf6 Qxf6
15. e4 Qe7 16. e5 Bb4 17. d5 exd5 18. Nxd5 Bxd5 19. Qxd5 c6 20. Qe4 Nc5 21. Qf5
Rfe8 22. Bf1 Rad8 23. Bc4 Rd7 24. Rd4 Rxd4 25. Nxd4 Qd7 26. Qf4 Rd8 27. Nf5 Kf8
28. h4 b5 29. axb5 cxb5 30. Be2 Ne6 31. Qe4 Nd4 32. Nxd4 Qxd4 33. Qxd4 Rxd4 34.
Bxb5 Rd5 1/2-1/2

[Event "18. Open de Sants Hostafrancs 2016"]
[Site "Barcelona ESP"]
[Date "2016.08.21"]
[Round "3.72"]
[White "Castillo Dalmau, Albert"]
[Black "Lattanzio, Savino"]
[Result "0-1"]
[WhiteElo "2035"]
[BlackElo "2241"]
[PlyCount "68"]
[EventDate "2016.08.19"]
[EventType "swiss"]
[EventRounds "10"]
[EventCountry "ESP"]
[SourceTitle "Ajedrez en Madrid"]
[Source "lmi"]
[SourceDate "2016.08.19"]

1. Nf3 Nf6 2. c4 e6 3. g3 d5 4. b3 c5 5. Bb2 Nc6 6. Bg2 d4 7. O-O e5 8. e3 Be7
9. exd4 exd4 10. Re1 h6 11. d3 O-O 12. a3 Re8 13. Nbd2 Rb8 14. Qc2 Bf5 15. h3
Qd7 16. Kh2 Bd6 17. Rab1 a5 18. Rbd1 g5 19. Bc1 Bg6 20. Ne4 Nxe4 21. dxe4 f6
22. Kg1 Re7 23. Re2 Rbe8 24. Nh2 Bh5 25. g4 Bg6 26. Nf1 Ne5 27. Qd2 a4 28. f4
gxf4 29. Qxf4 axb3 30. Qxf6 Rf7 31. Qh4 Nxc4 32. Qxh6 Re6 33. Qh4 d3 34. Bb2
Rh7 0-1

[Event "18. Open de Sants Hostafrancs 2016"]
[Site "Barcelona ESP"]
[Date "2016.08.21"]
[Round "3.73"]
[White "Lorscheid, Gerhard"]
[Black "Alquist, Erik"]
[Result "1-0"]
[WhiteElo "2240"]
[BlackElo "2058"]
[PlyCount "85"]
[EventDate "2016.08.19"]
[EventType "swiss"]
[EventRounds "10"]
[EventCountry "ESP"]
[SourceTitle "Ajedrez en Madrid"]
[Source "lmi"]
[SourceDate "2016.08.19"]

1. d4 Nf6 2. c4 g6 3. Nc3 Bg7 4. e4 d6 5. f3 O-O 6. Nge2 c5 7. d5 e6 8. Ng3
exd5 9. cxd5 a6 10. a4 h5 11. Be2 Nh7 12. Be3 h4 13. Nf1 f5 14. exf5 gxf5 15.
Bf2 Re8 16. Ne3 Qe7 17. O-O h3 18. g3 f4 19. Nc4 Bxc3 20. bxc3 Nd7 21. Re1 Qf6
22. gxf4 Kh8 23. Bg3 Rg8 24. Kh1 b5 25. axb5 Bb7 26. b6 Rg7 27. Qd2 Rag8 28.
Rg1 Nhf8 29. Rae1 Rh7 30. Na5 Nxb6 31. Rb1 Qd8 32. c4 Bc8 33. Qb2+ Rhg7 34.
Qxb6 Qf6 35. Qb2 Qh6 36. Nc6 Bf5 37. Ne7 Bxb1 38. Nxg8 Kxg8 39. Qxb1 Ng6 40.
Qb8+ Kh7 41. Qxd6 Kh8 42. Qxc5 Nxf4 43. Bxf4 1-0

[Event "18. Open de Sants Hostafrancs 2016"]
[Site "Barcelona ESP"]
[Date "2016.08.21"]
[Round "3.74"]
[White "Egartner, Wolfgang"]
[Black "Sohier, Julien"]
[Result "0-1"]
[WhiteElo "2027"]
[BlackElo "2240"]
[PlyCount "70"]
[EventDate "2016.08.19"]
[EventType "swiss"]
[EventRounds "10"]
[EventCountry "ESP"]
[SourceTitle "Ajedrez en Madrid"]
[Source "lmi"]
[SourceDate "2016.08.19"]

1. d4 d5 2. c4 c6 3. cxd5 cxd5 4. Nf3 Nf6 5. Nc3 Nc6 6. Bf4 Bf5 7. e3 e6 8. Be2
Bb4 9. O-O O-O 10. Ne5 Nxe5 11. Bxe5 Bxc3 12. bxc3 Ne4 13. c4 Nc3 14. Qd2 Nxe2+
15. Qxe2 dxc4 16. Qxc4 Be4 17. Qc7 Qg5 18. Bg3 Rac8 19. Qe5 Qxe5 20. Bxe5 f6
21. Bf4 Rc2 22. f3 Bd5 23. e4 Bxa2 24. Rf2 Rxf2 25. Kxf2 Bc4 26. Rxa7 Ba6 27.
Bd6 Rc8 28. Bc5 Kf7 29. Ke3 Ke8 30. f4 f5 31. e5 Kd7 32. Kd2 Kc7 33. d5 exd5
34. g3 Kb8 35. Bb6 Rc4 0-1

[Event "18. Open de Sants Hostafrancs 2016"]
[Site "Barcelona ESP"]
[Date "2016.08.22"]
[Round "4.1"]
[White "Bachmann, Axel"]
[Black "Rios, Cristhian Camilo"]
[Result "1-0"]
[WhiteElo "2656"]
[BlackElo "2490"]
[PlyCount "71"]
[EventDate "2016.08.19"]
[EventType "swiss"]
[EventRounds "10"]
[EventCountry "ESP"]
[SourceTitle "Ajedrez en Madrid"]
[Source "lmi"]
[SourceDate "2016.08.19"]

1. d4 Nf6 2. c4 e6 3. g3 Bb4+ 4. Bd2 a5 5. Bg2 d5 6. Nf3 O-O 7. O-O b6 8. Bg5
Be7 9. Nc3 Bb7 10. Ne5 Nbd7 11. Rc1 c6 12. cxd5 exd5 13. f4 h6 14. Bh4 Nxe5 15.
fxe5 Nd7 16. Bxe7 Qxe7 17. e4 dxe4 18. Bxe4 Rad8 19. Qg4 Qg5 20. Qf3 Ba8 21. h4
Qd2 22. Rfd1 Qxb2 23. Qf5 g6 24. Qf4 Kg7 25. h5 c5 26. Rc2 Qa3 27. d5 Rde8 28.
e6 Nf6 29. Qe5 fxe6 30. Bxg6 Rd8 31. Rf1 Qb4 32. Rxf6 Rxf6 33. Qc7+ Kg8 34.
Bh7+ Kh8 35. Qxd8+ Kg7 36. Qg8# 1-0

[Event "18. Open de Sants Hostafrancs 2016"]
[Site "Barcelona ESP"]
[Date "2016.08.22"]
[Round "4.2"]
[White "Baghdasaryan, Vahe"]
[Black "Ma, Qun"]
[Result "1/2-1/2"]
[WhiteElo "2488"]
[BlackElo "2621"]
[PlyCount "100"]
[EventDate "2016.08.19"]
[EventType "swiss"]
[EventRounds "10"]
[EventCountry "ESP"]
[SourceTitle "Ajedrez en Madrid"]
[Source "lmi"]
[SourceDate "2016.08.19"]

1. c4 e5 2. Nc3 Bb4 3. Nd5 Be7 4. d4 d6 5. Nf3 Nd7 6. b3 Ngf6 7. Nxe7 Qxe7 8.
e3 Nf8 9. Ba3 c5 10. dxe5 dxe5 11. b4 N8d7 12. Qa4 O-O 13. Be2 Rd8 14. Rd1 e4
15. Nd2 Ne5 16. bxc5 Bg4 17. c6 Qe8 18. Bxg4 Nd3+ 19. Ke2 Nxg4 20. Rhf1 Nxh2
21. Rh1 Ng4 22. Qb5 Ndxf2 23. cxb7 Rab8 24. Qxe8+ Rxe8 25. Rb1 Nxh1 26. Bd6 Ne5
27. Nxe4 Nxc4 28. Bxb8 Rxb8 29. Nc5 Ng3+ 30. Kf2 Nd2 31. Rb4 Nde4+ 32. Nxe4
Nxe4+ 33. Rxe4 Kf8 34. Rb4 Ke7 35. a4 Kd6 36. a5 a6 37. Rb6+ Kc7 38. Rxa6 Rxb7
39. Ra8 Kd7 40. a6 Rb2+ 41. Kf3 Ra2 42. e4 h5 43. a7 Ke7 44. e5 h4 45. Ke3 Ra4
46. Kf2 Ra5 47. Kg1 Ra1+ 48. Kh2 Ra3 49. e6 Kf6 50. exf7 Ke5 1/2-1/2

[Event "18. Open de Sants Hostafrancs 2016"]
[Site "Barcelona ESP"]
[Date "2016.08.22"]
[Round "4.3"]
[White "Cuartas, Jaime Alexander"]
[Black "Timofeev, Artyom"]
[Result "1/2-1/2"]
[WhiteElo "2481"]
[BlackElo "2596"]
[PlyCount "148"]
[EventDate "2016.08.19"]
[EventType "swiss"]
[EventRounds "10"]
[EventCountry "ESP"]
[SourceTitle "Ajedrez en Madrid"]
[Source "lmi"]
[SourceDate "2016.08.19"]

1. e4 c5 2. c3 Nf6 3. e5 Nd5 4. g3 d6 5. exd6 Qxd6 6. Bg2 Nc6 7. Ne2 Bg4 8. h3
Bxe2 9. Qxe2 e6 10. Na3 Be7 11. Nc4 Qd7 12. d3 O-O 13. O-O b5 14. Ne3 Rad8 15.
d4 b4 16. dxc5 bxc3 17. Nxd5 exd5 18. bxc3 Bxc5 19. Qb5 Bb6 20. Ba3 Rfe8 21.
Rae1 Ne5 22. Qxd7 Rxd7 23. Kh1 Rdd8 24. Rd1 Nc4 25. Bc1 d4 26. cxd4 Rxd4 27.
Bd5 Nd6 28. Rxd4 Bxd4 29. Kg2 Bb6 30. Bf4 Nf5 31. Rd1 h6 32. h4 Re2 33. Rd2 Nd4
34. h5 Rxd2 35. Bxd2 Kf8 36. Bb4+ Ke8 37. g4 f5 38. gxf5 Nxf5 39. Kf3 Ne7 40.
Bb3 g6 41. hxg6 Nxg6 42. Kg3 h5 43. f4 Bc7 44. Bd2 Kf8 45. Kf3 Kg7 46. Ke4 h4
47. Be6 Bd8 48. Bh3 Bf6 49. a4 Ne7 50. Bd7 Kg6 51. a5 a6 52. Be6 Nc6 53. Bf5+
Kg7 54. Bd7 Nd4 55. Be1 Nb3 56. Bc8 Bd8 57. Kd5 Nxa5 58. Bc3+ Kh6 59. Ke6 h3
60. Kf7 Kh5 61. Bxh3 Nc4 62. Ke6 Ne3 63. Be1 a5 64. f5 Ng4 65. Bf1 a4 66. Bb4
Kh6 67. Bb5 Kg7 68. Bxa4 Bf6 69. Bd1 Nh6 70. Bc2 Ba1 71. Be7 Nxf5 72. Kxf5 Kh8
73. Kg6 Bb2 74. Bb3 Ba1 1/2-1/2

[Event "18. Open de Sants Hostafrancs 2016"]
[Site "Barcelona ESP"]
[Date "2016.08.22"]
[Round "4.4"]
[White "Debashis, Das"]
[Black "Gomez Garrido, Camilo Ernesto"]
[Result "1-0"]
[WhiteElo "2459"]
[BlackElo "2560"]
[PlyCount "107"]
[EventDate "2016.08.19"]
[EventType "swiss"]
[EventRounds "10"]
[EventCountry "ESP"]
[SourceTitle "Ajedrez en Madrid"]
[Source "lmi"]
[SourceDate "2016.08.19"]

1. d4 d5 2. c4 c6 3. cxd5 cxd5 4. Bf4 Nc6 5. e3 Nf6 6. Nc3 a6 7. Be2 e6 8. Rc1
Be7 9. h3 O-O 10. Nf3 Bd7 11. O-O Qa5 12. Nd2 Rfc8 13. Nb3 Qd8 14. Nc5 b5 15.
a4 Bxc5 16. dxc5 b4 17. Nb1 Ne7 18. Nd2 Ng6 19. Bh2 Qa5 20. Nb3 Qd8 21. Qd2 a5
22. Bb5 Ne4 23. Qe2 Bxb5 24. axb5 a4 25. b6 axb3 26. b7 Rxc5 27. bxa8=Q Qxa8
28. Rxc5 Nxc5 29. Qb5 Ne4 30. Qxb4 Qa2 31. f3 Nf6 32. Bd6 h6 33. Qa3 Nh4 34.
Ra1 Qxa3 35. Rxa3 Nf5 36. Bc5 Nd7 37. Ba7 Kf8 38. Rxb3 Nd6 39. Kf2 Ke7 40. Bd4
e5 41. Bc3 Nc4 42. Rb7 Ke6 43. Ke2 f5 44. Ra7 f4 45. exf4 d4 46. b3 Ne3 47.
fxe5 Nxg2 48. Bxd4 Nf4+ 49. Ke3 g5 50. Ke4 Nxh3 51. Ra6+ Ke7 52. e6 Nb8 53.
Bc5+ Kf6 54. Rb6 1-0

[Event "18. Open de Sants Hostafrancs 2016"]
[Site "Barcelona ESP"]
[Date "2016.08.22"]
[Round "4.5"]
[White "Jakubowski, Krzysztof"]
[Black "Barrientos, Sergio E"]
[Result "1-0"]
[WhiteElo "2548"]
[BlackElo "2466"]
[PlyCount "99"]
[EventDate "2016.08.19"]
[EventType "swiss"]
[EventRounds "10"]
[EventCountry "ESP"]
[SourceTitle "Ajedrez en Madrid"]
[Source "lmi"]
[SourceDate "2016.08.19"]

1. e4 c5 2. Nf3 d6 3. d4 Nf6 4. Nc3 cxd4 5. Nxd4 a6 6. a4 e5 7. Nf3 Be7 8. Bg5
Be6 9. Bxf6 Bxf6 10. Nd5 Be7 11. Bc4 Nd7 12. Qd3 Rc8 13. O-O Nb6 14. Nxb6 Qxb6
15. Bb3 O-O 16. Nd2 Qc6 17. Rfd1 Rfd8 18. Nf1 Bg5 19. Qf3 Qe8 20. Ng3 g6 21.
Ne2 Kh8 22. Nc3 Bxb3 23. cxb3 Qe6 24. Rd5 f5 25. Rad1 Be7 26. Qe3 Rd7 27. a5
Rf8 28. exf5 gxf5 29. Na4 Rg8 30. Nb6 Rdd8 31. Nc4 Qg6 32. g3 f4 33. Qb6 Rdf8
34. Nxd6 Rf6 35. Qc7 fxg3 36. fxg3 Rf3 37. Qxe7 Rxg3+ 38. Kf2 Rg2+ 39. Ke3 Qh6+
40. Kd3 Qh3+ 41. Kc4 R2g4+ 42. R5d4 Rxd4+ 43. Rxd4 Qf1+ 44. Rd3 Rg4+ 45. Kc5
Qf2+ 46. Kd5 Qg2+ 47. Ke6 Rg6+ 48. Kd7 h6 49. Qf8+ Kh7 50. Rf3 1-0

[Event "18. Open de Sants Hostafrancs 2016"]
[Site "Barcelona ESP"]
[Date "2016.08.22"]
[Round "4.6"]
[White "Zeng, Chongsheng"]
[Black "Cori T., Deysi"]
[Result "1-0"]
[WhiteElo "2538"]
[BlackElo "2433"]
[PlyCount "71"]
[EventDate "2016.08.19"]
[EventType "swiss"]
[EventRounds "10"]
[EventCountry "ESP"]
[SourceTitle "Ajedrez en Madrid"]
[Source "lmi"]
[SourceDate "2016.08.19"]

1. d4 Nf6 2. c4 g6 3. Nc3 Bg7 4. e4 d6 5. Bd3 O-O 6. Nge2 Nc6 7. O-O e5 8. d5
Nd4 9. Nxd4 exd4 10. Ne2 Re8 11. f3 Nd7 12. b4 a5 13. b5 Nc5 14. Bb2 f5 15.
Bxd4 fxe4 16. Bxe4 Nxe4 17. Bxg7 Kxg7 18. fxe4 Rxe4 19. Ng3 Re5 20. Qd4 Bd7 21.
Rae1 Qe7 22. Rxe5 dxe5 23. Qe3 b6 24. h3 Rf8 25. Re1 Re8 26. a3 Qh4 27. Qc3 Qf4
28. Re3 h5 29. Rf3 Qh4 30. Kh2 Re7 31. c5 bxc5 32. Qxc5 Kh7 33. d6 cxd6 34.
Qxd6 Rg7 35. b6 Bc8 36. Rf8 1-0

[Event "18. Open de Sants Hostafrancs 2016"]
[Site "Barcelona ESP"]
[Date "2016.08.22"]
[Round "4.7"]
[White "Admiraal, Miguoel"]
[Black "Cruz, Cristhian"]
[Result "0-1"]
[WhiteElo "2458"]
[BlackElo "2533"]
[PlyCount "76"]
[EventDate "2016.08.19"]
[EventType "swiss"]
[EventRounds "10"]
[EventCountry "ESP"]
[SourceTitle "Ajedrez en Madrid"]
[Source "lmi"]
[SourceDate "2016.08.19"]

1. e4 c5 2. Nf3 d6 3. d4 cxd4 4. Nxd4 Nf6 5. Nc3 a6 6. g3 e6 7. Bg2 Qc7 8. O-O
Nc6 9. Be3 Bd7 10. Nb3 b5 11. a3 Be7 12. f4 Rc8 13. Kh1 O-O 14. g4 h6 15. h4
Nh7 16. g5 hxg5 17. hxg5 Qd8 18. Qh5 g6 19. Qh4 b4 20. Rf3 f6 21. Qh6 Rf7 22.
f5 bxc3 23. fxg6 Rg7 24. Rh3 cxb2 25. Rf1 Ne5 26. gxh7+ Kh8 27. Bd4 Rxc2 28.
Qxg7+ Kxg7 29. h8=Q+ Qxh8 30. Rxh8 Kxh8 31. Rb1 Nd3 32. gxf6 Bf8 33. Bf1 Rc1
34. Nxc1 bxc1=Q 35. Rxc1 Nxc1 36. Be3 Nb3 37. Bxa6 Nc5 38. Bxc5 dxc5 0-1

[Event "18. Open de Sants Hostafrancs 2016"]
[Site "Barcelona ESP"]
[Date "2016.08.22"]
[Round "4.8"]
[White "Grigoryan, Karen H"]
[Black "Ochsner, Bjorn Moller"]
[Result "1-0"]
[WhiteElo "2533"]
[BlackElo "2417"]
[PlyCount "121"]
[EventDate "2016.08.19"]
[EventType "swiss"]
[EventRounds "10"]
[EventCountry "ESP"]
[SourceTitle "Ajedrez en Madrid"]
[Source "lmi"]
[SourceDate "2016.08.19"]

1. d4 Nf6 2. c4 e6 3. Nc3 Bb4 4. Nf3 b6 5. Bg5 h6 6. Bh4 g5 7. Bg3 Ne4 8. Qc2
Bb7 9. e3 d6 10. Bd3 Bxc3+ 11. bxc3 f5 12. d5 Nd7 13. Nd4 Ndc5 14. dxe6 Qf6 15.
f3 Nxd3+ 16. Qxd3 Nc5 17. Qxf5 Qxf5 18. Nxf5 Nxe6 19. e4 O-O-O 20. O-O-O h5 21.
h4 g4 22. Rhe1 gxf3 23. gxf3 Ba6 24. Ne3 Rdf8 25. Rf1 Rf7 26. Rf2 Rg8 27. Nf5
Rd7 28. e5 dxe5 29. Rxd7 Kxd7 30. Rd2+ Ke8 31. Bxe5 Bxc4 32. Bxc7 Rg1+ 33. Kb2
Bf1 34. Bb8 Rg2 35. Kc1 Rxd2 36. Kxd2 a6 37. Ng3 Bc4 38. a3 Nf8 39. Nxh5 Ng6
40. Bg3 Kf7 41. Ke3 b5 42. Ke4 Be2 43. Nf4 Nxf4 44. Bxf4 Kg6 45. Bg5 Bc4 46. f4
Bg8 47. Ke5 Kf7 48. h5 Bh7 49. Kd6 Bd3 50. Ke5 Bh7 51. f5 Bg8 52. a4 Bh7 53. a5
Bg8 54. Kd6 Bh7 55. Kc6 Bxf5 56. Kb7 b4 57. c4 b3 58. Bc1 Bd3 59. c5 Ke6 60. h6
Be4+ 61. Kxa6 1-0

[Event "18. Open de Sants Hostafrancs 2016"]
[Site "Barcelona ESP"]
[Date "2016.08.22"]
[Round "4.9"]
[White "Ortega Amarelle, Mariano"]
[Black "Alonso Rosell, Alvar"]
[Result "1/2-1/2"]
[WhiteElo "2432"]
[BlackElo "2524"]
[PlyCount "68"]
[EventDate "2016.08.19"]
[EventType "swiss"]
[EventRounds "10"]
[EventCountry "ESP"]
[SourceTitle "Ajedrez en Madrid"]
[Source "lmi"]
[SourceDate "2016.08.19"]

1. d4 Nf6 2. c4 e6 3. Nf3 c5 4. g3 cxd4 5. Nxd4 d5 6. Bg2 e5 7. Nf3 d4 8. O-O
Nc6 9. e3 Be7 10. exd4 exd4 11. Na3 O-O 12. Nb5 Bc5 13. Bf4 Be6 14. Nc7 Bxc4
15. Nxa8 Bxf1 16. Qxf1 Qxa8 17. Qb5 Bb6 18. Ne5 Nxe5 19. Bxe5 Qe8 20. Qxe8 Rxe8
21. Bxf6 gxf6 22. Bf1 f5 23. Bd3 Kg7 24. Rc1 Kf6 25. Kg2 Re5 26. Kf3 Bc5 27.
Rc2 h6 28. Re2 Re6 29. Rc2 Bb6 30. Rc8 Re1 31. Rb8 Rd1 32. Ke2 Ra1 33. Rxb7
Rxa2 34. Rxf7+ Kxf7 1/2-1/2

[Event "18. Open de Sants Hostafrancs 2016"]
[Site "Barcelona ESP"]
[Date "2016.08.22"]
[Round "4.11"]
[White "Cori, Jorge"]
[Black "Aguero Jimenez, Luis Lazaro"]
[Result "1-0"]
[WhiteElo "2601"]
[BlackElo "2388"]
[PlyCount "59"]
[EventDate "2016.08.19"]
[EventType "swiss"]
[EventRounds "10"]
[EventCountry "ESP"]
[SourceTitle "Ajedrez en Madrid"]
[Source "lmi"]
[SourceDate "2016.08.19"]

1. d4 d5 2. c4 c6 3. Nc3 Nf6 4. e3 e6 5. Nf3 Nbd7 6. Qc2 Bd6 7. Bd3 O-O 8. O-O
dxc4 9. Bxc4 Qe7 10. e4 e5 11. h3 exd4 12. Nxd4 Ne5 13. Be2 Rd8 14. Be3 Ng6 15.
Rad1 Nf4 16. Rfe1 Bc7 17. Bf1 g6 18. Qc1 N6h5 19. Nf3 Rxd1 20. Rxd1 Ne6 21. e5
b6 22. g4 Nhg7 23. Ne4 Rb8 24. Nf6+ Kf8 25. Nxh7+ Kg8 26. Nf6+ Kf8 27. Bg2 c5
28. Bg5 Nxg5 29. Qxg5 Qe6 30. Qh6 1-0

[Event "18. Open de Sants Hostafrancs 2016"]
[Site "Barcelona ESP"]
[Date "2016.08.22"]
[Round "4.12"]
[White "Sandipan, Chanda"]
[Black "Stella, Andrea"]
[Result "1-0"]
[WhiteElo "2572"]
[BlackElo "2415"]
[PlyCount "135"]
[EventDate "2016.08.19"]
[EventType "swiss"]
[EventRounds "10"]
[EventCountry "ESP"]
[SourceTitle "Ajedrez en Madrid"]
[Source "lmi"]
[SourceDate "2016.08.19"]

1. d4 e6 2. Bf4 c5 3. e3 Nf6 4. Nf3 Qb6 5. Qc1 Nc6 6. c3 Nh5 7. Bg3 Nxg3 8.
hxg3 d5 9. Nbd2 Bd7 10. Nb3 a5 11. Nxc5 Bxc5 12. dxc5 Qxc5 13. a4 e5 14. Bb5 e4
15. Nd4 O-O 16. Qd2 Nxd4 17. Qxd4 Qxd4 18. cxd4 Be6 19. Kd2 Rfc8 20. Rhc1 Rxc1
21. Rxc1 Rc8 22. Rb1 Kf8 23. b4 b6 24. bxa5 bxa5 25. Ba6 Ra8 26. Rb6 Ke7 27.
Be2 Bd7 28. Bb5 Be6 29. Rb7+ Kf6 30. f3 exf3 31. gxf3 h5 32. e4 g5 33. e5+ Kg7
34. Bd7 Bxd7 35. Rxd7 h4 36. gxh4 gxh4 37. Ke3 Ra6 38. Rd6 h3 39. Kf2 Ra8 40.
Kg3 Rh8 41. Kh2 Rh4 42. Rxd5 Kg6 43. Rd6+ Kg7 44. Rd5 Kg6 45. Rxa5 Rxd4 46.
Kxh3 Kf5 47. Kg3 Rb4 48. Kf2 Kf4 49. Ke2 Rd4 50. e6 fxe6 51. Rh5 Kg3 52. Rg5+
Kh3 53. a5 Ra4 54. Kd3 Ra3+ 55. Kc4 Rxf3 56. a6 Ra3 57. Kb5 Kh4 58. Re5 Kg4 59.
Kb6 Kf4 60. Rxe6 Kf5 61. Rh6 Rb3+ 62. Kc7 Kg5 63. Rb6 Rf3 64. a7 Rf7+ 65. Kb8
Rf8+ 66. Kb7 Rf7+ 67. Ka6 Rf8 68. Rb8 1-0

[Event "18. Open de Sants Hostafrancs 2016"]
[Site "Barcelona ESP"]
[Date "2016.08.22"]
[Round "4.14"]
[White "Guichard, Pauline"]
[Black "Lin, Chen"]
[Result "0-1"]
[WhiteElo "2353"]
[BlackElo "2516"]
[PlyCount "86"]
[EventDate "2016.08.19"]
[EventType "swiss"]
[EventRounds "10"]
[EventCountry "ESP"]
[SourceTitle "Ajedrez en Madrid"]
[Source "lmi"]
[SourceDate "2016.08.19"]

1. c4 Nf6 2. Nc3 g6 3. g3 Bg7 4. Bg2 O-O 5. e4 c5 6. Nge2 Nc6 7. d3 d6 8. O-O
Ne8 9. Be3 Nd4 10. Qd2 Nc7 11. Bh6 Rb8 12. Nxd4 cxd4 13. Bxg7 Kxg7 14. Nb5 Nxb5
15. cxb5 Qb6 16. a4 a6 17. Rfc1 Bd7 18. Qb4 f6 19. f4 a5 20. Qe1 e5 21. b4 Ra8
22. bxa5 Rxa5 23. Qb4 Raa8 24. Qb3 Rac8 25. Qd5 Rc3 26. fxe5 fxe5 27. Rf1 Rc5
28. Qa2 Qd8 29. Rxf8 Qxf8 30. Rf1 Qe7 31. Qd2 b6 32. Bf3 h6 33. h4 Rc3 34. Kh2
Qe6 35. Bg2 Ra3 36. Qf2 Qe7 37. Qc2 Rc3 38. Qe2 Be6 39. Rf2 Bb3 40. Qg4 h5 41.
Qf3 Bxa4 42. g4 Qxh4+ 43. Bh3 Qxf2+ 0-1